000
00237 a2200109 4500
005
20260309133612.0
100
_a
Iqbal, Arslan (111042)
245
_a
Bank Alfalah Limited
260
_a
Multan:
_b
AUMC,
_c
2014
300
_a
51p
942
_c
SP
999
_c
47108
_d
47108